Programa Centroamericano de Ciencias Sociales: objetivos, organización y logros

Describe los objetivos, organización y labor desarrollados por el Programa Centroamericano de Ciencias Sociales de la Confederación Universitaria Centroamericana (CSUCA) - Se refiere a la creación del programa (en 1971), cuyo objetivo fundamental es el de promover el desarrollo de las ciencias socia...

Πλήρης περιγραφή

Αποθηκεύτηκε σε:
Λεπτομέρειες βιβλιογραφικής εγγραφής
Συγγραφή απο Οργανισμό/Αρχή: CSUCA. Programa Centroamericano de Ciencias Sociales
Μορφή: Κείμενο
Έκδοση: San José: CSUCA
Ετικέτες: Προσθήκη ετικέτας
Δεν υπάρχουν, Καταχωρήστε ετικέτα πρώτοι!

MARC

LEADER 00000 a a2200000 04500
001 20748
003
040
090 |a 088300  
110 |a CSUCA. Programa Centroamericano de Ciencias Sociales  
245 |a Programa Centroamericano de Ciencias Sociales: objetivos, organización y logros  
260 |a San José:   |b CSUCA  
300 |a 7 p.  
520 |a Describe los objetivos, organización y labor desarrollados por el Programa Centroamericano de Ciencias Sociales de la Confederación Universitaria Centroamericana (CSUCA) - Se refiere a la creación del programa (en 1971), cuyo objetivo fundamental es el de promover el desarrollo de las ciencias sociales dentro de las universidades miembros del CSUCA y, en general, en los países de la región. Señala las tareas que lleva a cabo en la formación de científicos sociales, en el desarrollo de la investigación y en el intercambio académico entre docentes e investigadores y entre centros de docencia y extensión, investigación y publicaciones  
999 |c 14340  |d 14340